000 00309nam a22001457a 4500
008 210604b ||||| |||| 00| 0 eng d
020 _a9780534175269
041 _aeng
080 _25th
_a541
082 _a541
100 _a12
101 _aKIM
245 _aCollege Chemistry
_cHein,M
942 _2udc
_cBK
999 _c57963
_d57963